000 00526nam a2200217Ia 4500
003 OSt
005 20220928144031.0
006 a|||||r|||| 00| 0
007 ta
008 220927b |||||||| |||| 00| 0 eng d
024 _a23694
037 _cTextual
040 _aSDCL
_cSDCL
_beng
041 _2eng
_aeng
082 _aQ1:g, M2
100 _aKrishan Lal Ed.
_9502405
245 0 _aVedic- vyakhayan - mala.
260 _c1982
942 _hQ1:g, M2
_cTEXL
_2CC
999 _c825639
_d825639